| 000 | 00659nac a22001811u 4500 | ||
|---|---|---|---|
| 010 | _a2003110151 | ||
| 020 | _a039532775* | ||
| 082 | 0 | 0 |
_a320 _bL4252 |
| 090 |
_c4635 _d4635 |
||
| 100 | _aLawson, Kay. | ||
| 245 | 1 | 4 |
_aThe human polity : _ban introduction to political science / _cKay Lawson. |
| 260 |
_aBoston : _bHoughton Mifflin Co.,c1985. _cc1985. |
||
| 300 |
_axv, 590 p. : _bill., maps ; _c24 cm. |
||
| 504 | _aIncludes index. | ||
| 650 | 0 |
_aPolitical science _vTextbooks. |
|
| 942 |
_cBB _k320L4252 |
||
| 999 |
_c4635 _d4635 |
||